000 010750000a22003010004500
999 _c39869
_d39869
001 10222
003 CO-MdFUSB
005 20190202100420.0
008 180706s1940 ag ||||| |||| 00| 0 spa d
040 _aCO-MdFUSB
_bspa
_cCO-MdFUSB
_dCO-MdFUSBC
_erda
041 0 _aspa
_hlat
082 0 4 _aG 270.2
_222
_bAG284ci
100 1 _aAgustín de Hipona, San (354-430)
_eautor
245 1 0 _aLa ciudad de Dios
_c/ San Agustín ; traductor , D. Jose Cayetano Diaz de Beyral.
264 1 _aBuenos Aires, Argentina :
_bPoblet
_c[1940]
300 _a858 páginas
_c; 18 cm.
336 _atexto
_btxt
_2rdacontent
337 _2rdamedia
_asin mediación
_bn
338 _2rdacarrier
_avolumen
_bnc
490 _aColección de Clásicos Católicos.
505 _aLibros decimocuarto al vigesimosegundo.
563 _aPasta dura.
600 0 7 _aAgustín
_cSanto,
_cObispo de Hipona
_dc.a. 354 d.C. - 430 d.C.
650 7 _aIglesia
_xHistoria
_y(Iglesia primitiva), ca. 0030-0600
_2
_9659
650 7 _959
_aPadres de la Iglesia
942 _cREF